Mechanisms of disease : a textbook of comparative general pathology
Zapisane w:
| Format: | Książka |
|---|---|
| Język: | Undetermined |
| Wydane: |
Baltimore
Williams & Wilkins
1990
|
| Hasła przedmiotowe: | |
| Etykiety: |
Dodaj etykietę
Nie ma etykietki, Dołącz pierwszą etykiete!
|
| Thư viện lưu trữ: | Trung tâm Học liệu Trường Đại học Cần Thơ |
|---|
| LEADER | 00576nam a2200181Ia 4500 | ||
|---|---|---|---|
| 001 | CTU_126156 | ||
| 008 | 210402s9999 xx 000 0 und d | ||
| 082 | |a 636.089607 | ||
| 082 | |b S631 | ||
| 245 | 0 | |a Mechanisms of disease : | |
| 245 | 2 | |b a textbook of comparative general pathology | |
| 245 | 0 | |c David O. Slauson, Barry J. Cooper, Maja M. Suter | |
| 260 | |a Baltimore | ||
| 260 | |b Williams & Wilkins | ||
| 260 | |c 1990 | ||
| 650 | |a Pathology, Comparative,Pathology,Pathology, Veterinary | ||
| 904 | |i Nguyên | ||
| 980 | |a Trung tâm Học liệu Trường Đại học Cần Thơ | ||